00707nai a2200181Ia 4500003000900000008004100009022002200050022002300072040001600095245005200111260008600163310001200249362002500261521006900286650003300355650005000388856008700438IN-BaIIA211028c9999 xx s 000 0 eng d a0018-9197 (Print) a1558-1713 (Online) cIIA Library 0aIEEE Journal of Quantum Electronicsh[eJournal] aNew York, USAbThe Institute of Electrical and Electronics Engineers, Inc. (IEEE) aMonthly a1(1); 1965 - Present bSubscribed through National Knowledge Resource Consortium (NKRC) a Photonics and Electrooptics aEngineered Materials, Dielectrics and Plasmas uhttps://ieeexplore.ieee.org/servlet/opac?punumber=3yClick Here to Access eJournal